Revista de derecho procesal penal : vías de impugnación en el proceso penal. Nuevas tendencias y cambios de paradigma. Tomo II /
Guardado en:
| Otros Autores: | |
|---|---|
| Formato: | Libro |
| Idioma: | Spanish |
| Publicado: |
Santa Fe :
Rubinzal Culzoni,
2013.
|
| Materias: | |
| Etiquetas: |
Agregar Etiqueta
Sin Etiquetas, Sea el primero en etiquetar este registro!
|
| LEADER | 00818nam a22001815a 4500 | ||
|---|---|---|---|
| 001 | DER.der013133 | ||
| 008 | 180615s2013####ag#||||||||||||||#||spa|| | ||
| 005 | 20251031163423.0 | ||
| 245 | 1 | 0 | |a Revista de derecho procesal penal : |b vías de impugnación en el proceso penal. Nuevas tendencias y cambios de paradigma. |n Tomo II / |c dirigido por Edgardo Alberto Donna, y Angela Ester Ledesma. |
| 260 | |a Santa Fe : |b Rubinzal Culzoni, |c 2013. | ||
| 300 | |a 744 p. | ||
| 500 | |a Incluye: Doctrina, Jurisprudencia, Jurisprudencia nacional, extranjera y anotada, Actualidad | ||
| 020 | |a 9789873004315 | ||
| 700 | 1 | |a Donna, Edgardo Alberto, |e dir. | |
| 700 | 1 | |a Ledesma, Angela Ester, |e vicedir. | |
| 650 | 7 | |a DERECHO PROCESAL PENAL | |
| 859 | |a DERECHO |b BIB. DERECHO |h 345.05 |i REV |p 001789 | ||
| 859 | |a DERECHO |b BIB. DERECHO |h 345.05 |i REV |p 009164 |t 1 |v 2 | ||
